Score 0/24 Timer 05:00
6 Plays Today
Column % Correct
Bacon
99.1%
American pancakes
98%
Cornflakes
97.9%
Coffee
97.6%
Orange juice
97.2%
Sausages
96.4%
Waffles
95.9%
Toast
95.8%
Jam
94.7%
Fried eggs
93.9%
Yogurt
93.6%
Baked beans
93.1%
Column % Correct
Porridge
92.1%
Scrambled eggs
88.6%
Croissants
85.5%
Hash browns
85.1%
Cold meats
80.9%
Omelette
80.5%
Boiled egg
79.6%
Marmalade
70.2%
Eggs benedict
66.2%
Biscuits and gravy
61.4%
Pain au chocolat
46.5%
Black pudding
43.6%
Remove Ads.
Support Sporcle.
Get the best of Sporcle when you Go Orange. This ad-free experience offers more features, more stats, and more fun while also helping to support Sporcle. Thank you for becoming a member.

You're not logged in!

Compare scores with friends on all Sporcle quizzes.
OR
Log In

Show Comments

Extras

Top Quizzes Today


Score Distribution

Your Account Isn't Verified!

In order to create a playlist on Sporcle, you need to verify the email address you used during registration. Go to your Sporcle Settings to finish the process.

Report this User

Report this user for behavior that violates our Community Guidelines.

Details: